[Event "GRE-ch Schools Gymnasia-C 30th"]
[Site "Peristeri"]
[Date "2018.04.01"]
[Round "4"]
[White "Sahinidis, Konstantinos"]
[Black "Papadimitriou, Alexandros"]
[Result "1-0"]
[WhiteElo "1318"]
[BlackElo "1459"]
[PlyCount "69"]
[EventDate "2018.04.01"]
[EventType "swiss (rapid)"]
[EventRounds "9"]
[EventCountry "GRE"]
[SourceTitle "EXT 2019"]
[Source "ChessBase"]
[SourceDate "2018.10.10"]
[SourceVersion "1"]
[SourceVersionDate "2018.10.10"]
[SourceQuality "1"]

1. d4 Nf6 2. Bf4 g6 3. e3 Bg7 4. Nd2 d6 5. h3 0-0 6. Ngf3 Nbd7 7. Be2 c5 8. c3 cxd4 9. exd4 Nd5 10. Bh2 N5b6 11. a4 Nf6 12. a5 Nbd7 13. 0-0 Ne8 14. Re1 Nc7 15. Bf1 f5 16. Qb3+ Kh8 17. Ng5 Nf6 18. Nf7+ Rxf7 19. Qxf7 e5 20. Qb3 Be6 21. Qxb7 Rb8 22. Qxa7 e4 23. Bxd6 Qxd6 24. Qxb8+ Nfe8 25. Bb5 Nxb5 26. Qxe8+ Bg8 27. Qxb5 f4 28. Nxe4 Qc7 29. Ng5 h6 30. Ne6 Bxe6 31. Rxe6 f3 32. Qe8+ Kh7 33. Qxg6+ Kh8 34. Re8+ Bf8 35. Rxf8# 1-0